Welcome to the Holygrace Academy Library

Please use search bar below to get started

FRANCIS MARPAPPA (Record no. 5392)

MARC details
000 -LEADER
fixed length control field 00328nam a22001457a 4500
020 ## - INTERNATIONAL STANDARD BOOK NUMBER
ISBN 81-8423-473-2
082 ## - DEWEY DECIMAL CLASSIFICATION NUMBER
Classification number 910
Item number FRA/F
100 ## - MAIN ENTRY--AUTHOR NAME
Personal name FRANCIS K.A
245 ## - TITLE STATEMENT
Title FRANCIS MARPAPPA
Remainder of title ROMILEKKU VILIKKUNNU
260 ## - PUBLICATION, DISTRIBUTION, ETC. (IMPRINT)
Place of publication THRISSUR
Name of publisher GREEN BOOKS
Year of publication 2016
300 ## - PHYSICAL DESCRIPTION
Number of Pages 110
520 ## - SUMMARY, ETC.
Summary, etc RELIGIOUS
650 ## - SUBJECT ADDED ENTRY--TOPICAL TERM
Topical Term RELIGIOUS
942 ## - ADDED ENTRY ELEMENTS (KOHA)
Koha item type Books
Holdings
Withdrawn status Lost status Collection code Home library Current library Shelving location Date acquired Source of acquisition Cost, normal purchase price Full call number Accession Number Koha item type
    Reference Main Library Main Library SHELF-16L- MALAYALAM BIOGRAPHY,STUDIES/CRITICISM 01/02/2019 Purchase 105.00 910 FRA/F 10950 Books